Women's Division I NCAA Basketball Tournament MOP Winners - Statistics

General Stats
  • This quiz has been taken 36 times
    4 since last reset
  • The average score is 19 of 44
Answer Stats
Year Answer School % Correct
2022 Aliyah Boston South Carolina
100%
2023 Angel Reese LSU
100%
2025 Azzi Fudd Connecticut
100%
2016 Breanna Stewart Connecticut
100%
2015 Breanna Stewart Connecticut
100%
2014 Breanna Stewart Connecticut
100%
2013 Breanna Stewart Connecticut
100%
2004 Diana Taurasi Connecticut
100%
2003 Diana Taurasi Connecticut
100%
2026 Lauren Betts UCLA
100%
2010 Maya Moore Connecticut
100%
2017 A'ja Wilson South Carolina
67%
2018 Arike Ogunbowale Notre Dame
67%
2012 Brittney Griner Baylor
67%
2008 Candace Parker Tennessee
67%
2007 Candace Parker Tennessee
67%
1994 Charlotte Smith North Carolina
67%
2021 Haley Jones Stanford
67%
2024 Kamilla Cardoso South Carolina
67%
2019 Chloe Jackson Baylor
33%
2011 Danielle Adams Texas A&M
33%
1991* Dawn Staley Virginia
33%
1990 Jennifer Azzi Stanford
33%
1995 Rebecca Lobo Connecticut
33%
2005 Sophia Young Baylor
33%
2009 Tina Charles Connecticut
33%
1987 Tonya Edwards Tennessee
33%
1989 Bridgette Gordon Tennessee
0%
1998 Chamique Holdsclaw Tennessee
0%
1997 Chamique Holdsclaw Tennessee
0%
1984 Cheryl Miller USC
0%
1983 Cheryl Miller USC
0%
1986 Clarissa Davis Texas
0%
1988 Erica Westbrooks Louisiana Tech
0%
1982 Janice Lawrence Louisiana Tech
0%
2006 Laura Harper Maryland
0%
1996 Michelle Marciniak Tennessee
0%
1992 Molly Goodenbour Stanford
0%
2001 Ruth Riley Notre Dame
0%
2000 Shea Ralph Connecticut
0%
1993 Sheryl Swoopes Texas Tech
0%
2002 Swin Cash Connecticut
0%
1985 Tracy Claxton Old Dominion
0%
1999 Ukari Figgs Purdue
0%
No matching quizzes found
Score Distribution
Percent of People with Each Score
Percentile by Number Answered
Your Score History
You have not taken this quiz since the last reset